| Tag |
First Indicator |
Second Indicator |
Subfields |
| LEADER |
00000cam a2200000Ia 4500 |
| 001 |
in00002314813 |
| 005 |
20190326202631.0 |
| 006 |
m | d | |
| 007 |
cr |n||||||||n |
| 008 |
901112s1790 fr sb 000 0 fre d |
| 010 |
|
|
|a nuc87584936
|
| 040 |
|
|
|a ResP
|c GKS
|d RQM
|d GKS
|d OCL
|d Thomson Gale
|d UtOrBLW
|
| 043 |
|
|
|a e-fr---
|
| 050 |
1 |
4 |
|a HB161
|b .G64 no. 14471.7
|
| 082 |
0 |
4 |
|a 330
|b G62
|
| 100 |
1 |
|
|a Lachiche, Claude-Quentin,
|d 1719-1802.
|
| 245 |
1 |
0 |
|a Prospectus d'un canal de navigation :
|b de vingt-cinq lieues de longueur, qui, en liant la jonction du Rhóne & de la Saône à la Loire, avec celle du Rhin au Danube, & autres fleuves intermédiaires, feroit communiquer, par les frontières de l'Alsace & de la Franche-Comté, toutes les mers qui environnent l'Europe /
|c par M. La Chiche.
|
| 264 |
|
1 |
|a Paris :
|b De l'Imprimerie de Ph.-D. Pierres,
|c 1790.
|
| 300 |
|
|
|a 23 pages ;
|c 25 cm.
|
| 336 |
|
|
|a text
|b txt
|2 rdacontent
|
| 337 |
|
|
|a computer
|b c
|2 rdamedia
|
| 338 |
|
|
|a online resource
|b cr
|2 rdacarrier
|
| 500 |
|
|
|a Caption title.
|
| 500 |
|
|
|a Reproduction of original from Kress Library of Business and Economics, Harvard University.
|
| 500 |
|
|
|a Goldsmiths'-Kress number 14471.7.
|
| 504 |
|
|
|a Includes bibliographical references.
|
| 510 |
4 |
|
|a OCLC,
|c 22669220
|
| 533 |
|
|
|a Electronic reproduction.
|b Farmington Hills, Mich. :
|c Thomson Gale,
|d 2005.
|f (The making of the modern world).
|n Available via the World Wide Web.
|n Access limited to licensing agreements.
|7 s2005 miunns
|
| 500 |
|
|
|a Electronic resource.
|
| 650 |
|
0 |
|a Canals
|z France.
|
| 650 |
|
0 |
|a Canals
|v Early works to 1800.
|
| 650 |
|
0 |
|a Inland navigation
|z France.
|
| 655 |
|
0 |
|a Electronic books.
|
| 830 |
|
0 |
|a Making of the modern world (Goldsmiths'-Kress Library of Economic Literature)
|
| 856 |
4 |
0 |
|u http://proxy.library.tamu.edu/login?url=http://galenet.galegroup.com/servlet/MOME?af=RN&ae=U102306850&srchtp=a&ste=14&locID=txshracd2898
|z Connect to the full text of this electronic book
|t 0
|
| 999 |
|
|
|a MARS
|
| 999 |
f |
f |
|s 6dc1b86d-2d68-3770-9665-790f93d902c3
|i 0fcdd2b8-2de6-3a44-8cca-4aced2bf08f8
|t 0
|
| 952 |
f |
f |
|a Texas A&M University
|b College Station
|c Electronic Resources
|d Available Online
|t 0
|e HB161 .G64 no. 14471.7
|h Library of Congress classification
|
| 998 |
f |
f |
|a HB161 .G64 no. 14471.7
|t 0
|l Available Online
|